logo

Bir Sreshtho Munshi Abdur Rouf Library
Jhenaidah Cadet College

Your Student teaching in the secondary school / (Record no. 6761)

MARC details
000 -LEADER
fixed length control field 00582nam a22002177a 4500
001 - CONTROL NUMBER
JCCL Control Number 6761
003 - CONTROL NUMBER IDENTIFIER
JCCL marc code BD-JhCC
005 - DATE AND TIME OF LATEST TRANSACTION
control field 20180207095654.0
008 - FIXED-LENGTH DATA ELEMENTS--GENERAL INFORMATION
fixed length control field 180129b xxu||||| |||| 00| 0 eng d
035 ## - SYSTEM CONTROL NUMBER
system control number (BD-JhCC)6761
040 ## - CATALOGING SOURCE
Original cataloging agency BD-JhCC
Modifying agency BD-JhCC
041 ## - LANGUAGE CODE
Language code of Book eng
082 ## - DEWEY DECIMAL CLASSIFICATION NUMBER
Classification number 370.733
Author mark and Year YOU 1959
245 ## - TITLE STATEMENT
Title Your Student teaching in the secondary school /
Statement of responsibility, etc Vincent Mcguird...[ et.all.].
260 ## - PUBLICATION, DISTRIBUTION, ETC. (IMPRINT)
Place of publication, distribution, etc Boston :
Name of publisher, distributor, etc Allyn and Bacon,
Date of publication, distribution, etc 1959.
300 ## - PHYSICAL DESCRIPTION
Pagination 343 p. ;
Dimensions 24 cm.
650 ## - SUBJECT ADDED ENTRY--TOPICAL TERM
Topical term or geographic name as entry element Student teaching
700 ## - ADDED ENTRY--PERSONAL NAME
Personal name Mcguird, Vincent
942 ## - ADDED ENTRY ELEMENTS (KOHA)
Source of classification or shelving scheme Dewey Decimal Classification
Koha item type Books
Holdings
Source of classification or shelving scheme Damaged status Not for loan Home library Current library Shelving location Total Checkouts Full call number Barcode Date last seen Copy number Koha item type
Dewey Decimal Classification     JCC Rouf Library JCC Rouf Library General Stacks   370.733 YOU 1959 9321 01/29/2018 C - 1 Books

JCC Library | Contacts | JCC Home

Last Update on 23 September 2017
Copyright @ 2017-2020 JCC Rouf Library
Rouf Library, Jhenidah Cadet College (JCC), Bangladesh